000 00296nam a2200121Ia 4500
008 191201s2019 xx 000 0 und d
100 _aINCROPERA,Frank.P
245 0 _aFundamentals of Heat and Mass Transfer
260 _aN. Delhi
_bWiley
300 _a840
650 _aB.Tech(ME)
942 _2ddc
_cBK
999 _c391
_d391